<?xml version="1.0" encoding="UTF-8"?>
<marc:record xmlns:marc="http://www.loc.gov/MARC21/slim">
   <marc:leader>00000nam a2200000 a 4500</marc:leader>
   <marc:datafield ind1="1" ind2=" " tag="100">
      <marc:subfield code="a">Janosch</marc:subfield>
      <marc:subfield code="4">aut</marc:subfield>
      <marc:subfield code="e">Verfasser/-in</marc:subfield>
   </marc:datafield>
   <marc:datafield ind1="0" ind2="0" tag="245">
      <marc:subfield code="a">Löwenzahn und Seidenpfote</marc:subfield>
   </marc:datafield>
   <marc:datafield ind1=" " ind2="1" tag="264">
      <marc:subfield code="b">Beltz &amp; Gelberg</marc:subfield>
      <marc:subfield code="c">2008</marc:subfield>
   </marc:datafield>
   <marc:datafield ind1="1" ind2=" " tag="520">
      <marc:subfield code="a">Es waren einmal eine Maus und ein Mauser, die wollten so gerne Kinder bekommen. Und sie wussten auch schon genau, wie ihre Kinder werden sollten: Löwenzahn sollte groß und stark, Seidenpfote zart, klug und lieblich werden dachten die Mäuseeltern. Aber es kam natürlich alles ganz anders Zum Vorlesen, Selberlesen und Anschauen für die ganze Familie und für alle großen und kleinen Janosch-Freunde.</marc:subfield>
   </marc:datafield>
   <marc:datafield ind1=" " ind2=" " tag="020">
      <marc:subfield code="a">9783407793768</marc:subfield>
      <marc:subfield code="9">9783407793768</marc:subfield>
   </marc:datafield>
</marc:record>
